Předávání ohně

Saved in:
Bibliographic Details
Main Author Peter, Podlesný
Format Electronic eBook
LanguageCzech
Published Nakladatelství Audiolibrix 2022
Edition1. elektronické vydání
Subjects
Online AccessDostupné v BOOKPORT po přihlášení pomocí eduID
ISBN978-80-88407-86-7
978-80-88407-85-0
978-80-88407-84-3
Physical Description1 online zdroj (208 stran)

Cover

LEADER 00000nam a2200000 i 4500
001 bkp934608675
003 CZ-prgp
005 20251009090540.0
006 m o d
007 cr cn
008 251009s2022 xr o 000 0 cze
020 |a 978-80-88407-86-7  |c 219 Kč  |q (online ; pdf) 
020 |a 978-80-88407-85-0  |c 219 Kč  |q (online ; epub) 
020 |a 978-80-88407-84-3  |c 299 Kč  |q (print) 
040 |a Grada  |b cze  |e rda 
100 1 |a Peter, Podlesný 
245 1 0 |a Předávání ohně  |c Podlesný Peter 
250 |a 1. elektronické vydání 
264 1 |b Nakladatelství Audiolibrix  |c 2022 
300 |a 1 online zdroj (208 stran) 
336 |a text  |b txt  |2 rdacontent 
337 |a počítač  |b c  |2 rdamedia 
338 |a online zdroj  |b cr  |2 rdacarrier 
520 3 |a Ponořte se do myšlenek o vizi, disciplíně, vztazích, odvaze, mužnosti a najděte si svou vlastní cestu - Co znamená "být mužem"? - Co to znamená být mužem v 21. století? - Co je naším úkolem, a máme vůbec na to, abychom jej splnili? PŘEDÁVÁNÍ OHNĚ JE SNAHOU DOSTAT K MUŽŮM TO, CO MĚLI PŘIROZENĚ ZÍSKAT OD SVÝCH OTCŮ, ALE Z RŮZNÝCH DŮVODŮ SE TAK NESTALO. "Cílem je zažehnout oheň v duši každého člověka, který se této knihy dotkne." (Peter Podlesný) Jádro této knihy tvoří myšlenky, které nás i přes naši různorodost spojují a pomáhají nacházet návody k poznání toho, kdo jsme a jaká je naše úloha. Jsme obklopeni mnohými muži, kteří si nedopřáli dospět a objevit svůj záměr. Je na čase s tím začít něco dělat. Není podstatné, v jakém věku se k vám dostává tento odkaz. Oheň je vždy jiný a originální, ale pokaždé v sobě nese obrovský potenciál. Přesně s tímto nastavením tato kniha pohlíží na muže. Proč potřebujeme knihu pro muže? "Během své dlouholeté práce s muži jsem se příliš často setkával s tím, že mnozí z nich nedokázali navzdory své snaze najít směr nebo odpověď na otázku: "Co to znamená být mužem v 21. století?" Když se řekne "předávání ohně", napadá mě něco jako antický mýtus o Prométheovi, který ukradl oheň bohům a přinesl ho lidem. Přebírání předaných zkušeností, dovedností, odpovědí a jejich předávání dál. Věřím, že časem budete držet v rukou knihu, která byla napsána z hněvu i naděje. Z hněvu, protože je mi líto mnoha zlomených mužů, kterým otcové nepředali oheň. Z naděje, protože jsem přesvědčen, že společně můžeme dosáhnout změny." - Peter Podlesný, autor knihy Pro koho je kniha určena? - Pokud jste muž, je pro vás. - Pokud jste žena, znáte muže a chcete se o mužích dozvědět více, je to kniha pro vás. - Je pro tebe, pokud je ti patnáct, protože je čas stát se mužem. - Je pro vás, i když je vám přes čtyřicet, protože na to, abyste se stali mužem, ještě není pozdě. - Přečtěte si ji i tehdy, pokud jste otcem, abyste si ověřili, co dalšího můžete předat. - Tuto knihu potřebujete i pokud jste matka, která vychovává syna. Lepší otázkou je, komu tato kniha určena není. Těm, kteří mají pocit, že už všechno vědí, těm, kteří přijali pasivitu jako životní styl, prostě sebestředným chlapům, kteří zůstali chlapci a nechtějí to změnit. 
650 0 4 |a Rodičovství 
856 4 0 |u https://www.bookport.cz/AccountSaml/SignIn/?idp=https://shibboleth.utb.cz/idp/shibboleth&returnUrl=/kniha/predavani-ohne-15339/  |y Dostupné v BOOKPORT po přihlášení pomocí eduID